000 00643nab a2200193 4500
001 244442
003 OSt
005 20250414093933.0
007 tu
008 200917s2020|||||||
040 _aDE-2950
_cDE-2950
245 0 0 _aJubiläum ohne Gedenkplatte
_bErinnern. Der 100. Geburtstag von Alt-OB Fritz Krause rückt näher. Doch ein Stein mit Bronzetafel wird am 13. April in Frankfurt (Oder) noch nicht verlegt/
_cThomas Gutke
264 _c2024
653 _aFrankfurt (Oder)
653 _aFritz Krause
653 _aEhrung
773 0 _g36. Jahrgang (2025) Nr. 86 vom 11.04.2025, S. 16 mit Foto
_tMärkische Oderzeitung
942 _2z
_cA
999 _c373708
_d373708